Tercer Congreso del Instituto de Estudios Históricos del Sur de Madrid "Jiménez de Gregorio" (Record no. 168677)

MARC details
000 -LEADER
campo de control de longitud fija 00779nam a22001815i 4500
001 - NÚMERO DE CONTROL
campo de control 168677
003 - IDENTIFICADOR DE NÚMERO DE CONTROL
campo de control ES-MaACL
005 - FECHA Y HORA DE LA ÚLTIMA TRANSACCIÓN
campo de control 20230906213844.0
008 - DATOS DE LONGITUD FIJA--INFORMACIÓN GENERAL
campo de control de longitud fija 080505s2005 sp |||| | spa d
020 ## - NÚMERO INTERNACIONAL ESTÁNDAR DEL LIBRO
Número Internacional Estándar del Libro 84-609-7589-4
080 ## - NÚMERO DE LA CLASIFICACIÓN DECIMAL UNIVERSAL
Número de la Clasificación Decimal Universal 94(460.27)(063)
111 2# - ENTRADA PRINCIPAL--NOMBRE DE CONGRESO/REUNIÓN
Nombre de congreso/reunión o jurisdicción como elemento de entrada Instituto de Estudios Históricos del Sur de Madrid "Jiménez de Gregorio" Congreso (
Número del congreso/reunión o número de parte o sección 3º.
Fecha del congreso o de la firma del tratado 2005.
Sede del congreso/Lugar de la reunión Getafe)
9 (RLIN) 137760
245 10 - MENCIÓN DEL TÍTULO
Título Tercer Congreso del Instituto de Estudios Históricos del Sur de Madrid "Jiménez de Gregorio"
Resto del título : 21, 22 y 23 de octubre 2005.
260 ## - PUBLICACIÓN, DISTRIBUCIÓN, ETC.
Lugar de publicación, distribución, etc. [Alcorcón (Madrid)] :
Nombre del editor, distribuidor, etc. I.E.H.S.M. "Jiménez de Gregorio",
Fecha de publicación, distribución, etc. 2005.
300 ## - DESCRIPCIÓN FÍSICA
Extensión 305 p. :
Otras características físicas il. ;
Dimensiones 24 cm.
651 #4 - PUNTO DE ACCESO ADICIONAL DE MATERIA--NOMBRE GEOGRÁFICO
Nombre geográfico Madrid (Comunidad Autónoma)-
Subdivisión general Historia-
Subdivisión de forma Congresos y asambleas.
9 (RLIN) 137761
852 ## - LOCALIZACIÓN
Ubicación ES-MaACL
Número de control de estantería L-29414
itemnumber R.142837
Holdings
Estatus retirado Estado de pérdida Estado de daño No para préstamo Biblioteca de origen Biblioteca actual Ubicación en estantería Fecha de adquisición Fuente de adquisición Total de préstamos Signatura topográfica completa Código de barras Visto por última vez Precio de reemplazo Tipo de ítem Koha
        Biblioteca del Ateneo de Madrid Biblioteca del Ateneo de Madrid Depósito 2 05/05/2008     L-29414 1177012 23/02/2023 23/02/2023 Libro impreso